| 000 | 00593nam a2200193 a 4500 | ||
|---|---|---|---|
| 005 | 20210223122023.0 | ||
| 008 | 991125s1948 mx 000 0 spa u | ||
| 020 | _a9681600533 | ||
| 035 | _aUPN01000027997 | ||
| 049 | _aCG | ||
| 050 | 4 |
_aPQ142 _bE8.4 |
|
| 100 | 1 |
_aEscarpit, Robert Georges, _d1918-2000 _937662 |
|
| 245 | 1 | 0 |
_aHistoria de la literatura francesa / _cpor Robert G. Escarpit. |
| 260 |
_aMéxico : _bFCE, _c1948. |
||
| 300 | _a202 p. | ||
| 440 | 0 |
_aBreviarios del Fondo de Cultura Económica ; _v4 |
|
| 650 | 4 |
_aLITERATURA FRANCESA - _xHISTORIA Y CRITICA _914199 |
|
| 905 | _aLibro | ||
| 999 |
_c27997 _d27997 |
||